000 03233nam a2200445Ii 4500
008 221202s xx 000 0 und d
100 1 _aArlander, Annette,
_eauthor
245 0 _aTranspositions
246 _aAesthetico-Epistemic Operators in Artistic Research
264 1 _aLeuven
_bLeuven University Press
_c2018
300 _a1 online resource (324 pages)
336 _atext
_btxt
_2rdacontent
337 _acomputer
_bc
_2rdamedia
338 _aonline resource
_bcr
_2rdacarrier
490 _aOrpheus Institute Series
520 _aNew modes of epistemic relationships in artistic research Research leads to new insights rupturing the existent fabric of knowledge. Situated in the still evolving field of artistic research, this book investigates a fundamental quality of this process. Building on the lessons of deconstruction, artistic research invents new modes of epistemic relationships that include aesthetic dimensions. Under the heading transposition, seventeen artists, musicians, and theorists explain how one thing may turn into another in a spatio-temporal play of identity and difference that has the power to expand into the unknown. By connecting materially concrete positions in a way familiar to artists, this book shows how moves can be made between established positions and completely new ground. In doing so, research changes from a process that expands knowledge to one that creatively reinvents it. Contributors: Annette Arlander (University of the Arts Helsinki), Paulo de Assis (Orpheus Institute, Ghent), Rosi Braidotti (Utrecht University), Leif Dahlberg (Royal Institute of Technology Stockholm), Lucia D’Errico (Orpheus Institute, Ghent), Mika Elo (University of the Arts Helsinki), Laura González (Royal Conservatoire of Scotland), Esa Kirkkopelto (University of the Arts Helsinki), Yve Lomax (Royal College of Art, London), Cecile Malaspina (CNRS-Université Paris 1/Université Paris 7), Tor-Finn Malum Fitje (independent artist, Oslo), Dieter Mersch (Zurich University of the Arts), David Pirrò (University of Music and Performing Arts Graz), Hans-Jörg Rheinberger (Max Planck Institute for the History of Science, Berlin), Hanns Holger Rutz (University of Music and Performing Arts Graz), Michael Schwab (Orpheus Institute, Ghent/University of Applied Arts Vienna), Birk Weiberg (Zurich University of the Arts)
653 _aAesthetico-Epistemic
653 _aArtistic Research
653 _aResearch
700 1 _aSchwab, Michael
700 1 _aBraidotti, Rosi
700 1 _aD'Errico, Lucia
700 1 _aDahlberg, Leif
700 1 _ade Assis, Paulo
700 1 _ade Assis, Paulo
700 1 _aElo, Mika
700 1 _aGonzalez, Laura
700 1 _aKirkkopelto, Esa
700 1 _aLomax, Yve
700 1 _aMalaspina, Cecile
700 1 _aMalum Fitje, Tor-Finn
700 1 _aMersch, Dieter
700 1 _aPirrò, David
700 1 _aRheinberger, Hans-Jörg
700 1 _aRutz, Hanns Holger
700 1 _aSchwab, Michael
700 1 _aWeiberg, Birk
856 _uhttps://library.oapen.org/bitstream/20.500.12657/29718/1/180904%20nieuwe%20pdf%20Transpositions_285x195_DEF2_e.pdfhttp://library.oapen.org/handle/20.500.12657/29718
942 _cE-BOOK
999 _c67218
_d67218